福井県の市町村(1968年) - Statistics

General Stats
  • This quiz has been taken 18 times
  • The average score is 14 of 37
Answer Stats
コード 市町村 備考 % Correct
18201 福井市
90%
18207 鯖江市
90%
18202 敦賀市
80%
18203 武生市 2005年消滅
80%
18205 大野市
60%
18204 小浜市
50%
18206 勝山市
50%
18301 足羽郡足羽町 1971年消滅
40%
18302 足羽郡美山町 2006年消滅
40%
18321 吉田郡松岡町 2006年消滅
40%
18322 吉田郡永平寺町
40%
18323 吉田郡上志比村 2006年消滅
40%
18342 大野郡和泉村 2005年消滅
40%
18366 坂井郡坂井町 2006年消滅
40%
18361 坂井郡三国町 2006年消滅
30%
18362 坂井郡芦原町 2004年消滅
30%
18363 坂井郡金津町 2004年消滅
30%
18364 坂井郡丸岡町 2006年消滅
30%
18365 坂井郡春江町 2006年消滅
30%
18381 今立郡今立町 2005年消滅
30%
18382 今立郡池田町
30%
18401 南条郡南条町 2005年消滅
30%
18402 南条郡今庄町 2005年消滅
30%
18403 南条郡河野村 2005年消滅
30%
18423 丹生郡越前町
30%
18424 丹生郡越廼村 2006年消滅
30%
18425 丹生郡織田町 2005年消滅
30%
18441 三方郡三方町 2005年消滅
30%
18442 三方郡美浜町
30%
18461 遠敷郡上中町 2005年消滅
30%
18462 遠敷郡名田庄村 2006年消滅
30%
18481 大飯郡高浜町
30%
18482 大飯郡大飯町 2006年消滅
30%
18341 大野郡西谷村 1970年消滅
20%
18421 丹生郡朝日町 2005年消滅
20%
18422 丹生郡宮崎村 2005年消滅
20%
18426 丹生郡清水町 2006年消滅
20%
No matching quizzes found
Score Distribution
Percent of People with Each Score
Percentile by Number Answered
Your Score History
You have not taken this quiz